Doctors and their workshops : (Record no. 3453)

000 -LEADER
fixed length control field 01109cam a2200337 i 4500
001 - CONTROL NUMBER
control field 4662716
003 - CONTROL NUMBER IDENTIFIER
control field OSt
005 - DATE AND TIME OF LATEST TRANSACTION
control field 20211116061116.0
008 - FIXED-LENGTH DATA ELEMENTS--GENERAL INFORMATION
fixed length control field 800505s1980 ilu b 001 0 eng
010 ## - LIBRARY OF CONGRESS CONTROL NUMBER
LC control number 80016112
020 ## - INTERNATIONAL STANDARD BOOK NUMBER
International Standard Book Number 0226650448 :
Terms of availability $14.50
040 ## - CATALOGING SOURCE
Original cataloging agency DLC
Transcribing agency DLC
Modifying agency DLC
043 ## - GEOGRAPHIC AREA CODE
Geographic area code n-us---
050 00 - LIBRARY OF CONGRESS CALL NUMBER
Classification number RA410
Item number .P36 1980
060 ## - NATIONAL LIBRARY OF MEDICINE CALL NUMBER
Classification number W74 P333d
082 00 - DEWEY DECIMAL CLASSIFICATION NUMBER
Classification number 338.4/561/36210973
100 1# - MAIN ENTRY--PERSONAL NAME
Personal name Pauly, Mark V.,
Dates associated with a name 1941-
245 10 - TITLE STATEMENT
Title Doctors and their workshops :
Remainder of title economic models of physician behavior /
Statement of responsibility, etc. Mark V. Pauly.
260 ## - PUBLICATION, DISTRIBUTION, ETC.
Place of publication, distribution, etc. Chicago :
Name of publisher, distributor, etc. University of Chicago Press,
Date of publication, distribution, etc. 1980.
300 ## - PHYSICAL DESCRIPTION
Extent ix, 132 p. ;
Dimensions 24 cm.
440 #2 - SERIES STATEMENT/ADDED ENTRY--TITLE
Title A National Bureau of Economic Research monograph
504 ## - BIBLIOGRAPHY, ETC. NOTE
Bibliography, etc. note Includes bibliographical references and index.
650 #0 - SUBJECT ADDED ENTRY--TOPICAL TERM
Topical term or geographic name entry element Medical economics
Geographic subdivision United States.
650 #0 - SUBJECT ADDED ENTRY--TOPICAL TERM
Topical term or geographic name entry element Physicians
Geographic subdivision United States.
650 #0 - SUBJECT ADDED ENTRY--TOPICAL TERM
Topical term or geographic name entry element Medical care
General subdivision Utilization
Geographic subdivision United States.
650 #0 - SUBJECT ADDED ENTRY--TOPICAL TERM
Topical term or geographic name entry element Physician and patient
Geographic subdivision United States.
650 #2 - SUBJECT ADDED ENTRY--TOPICAL TERM
Topical term or geographic name entry element Economics, Medical.
650 #2 - SUBJECT ADDED ENTRY--TOPICAL TERM
Topical term or geographic name entry element Physicians.
906 ## - LOCAL DATA ELEMENT F, LDF (RLIN)
a 7
b cbc
c orignew
d u
e ocip
f 19
g y-gencatlg
942 ## - ADDED ENTRY ELEMENTS (KOHA)
Source of classification or shelving scheme
Koha item type Book
Suppress in OPAC DO
Holdings
Withdrawn status Lost status Source of classification or shelving scheme Damaged status Not for loan Permanent Location Current Location Shelving location Date acquired Source of acquisition Total Checkouts Full call number Barcode Date last seen Price effective from Koha item type Public note
          AU LIBRARY AU LIBRARY Open Shelf 16.11.2021 DONATION FROM MOI UNIVERSITY   RA410 .P36 1980 28004897 16.11.2021 16.11.2021 Book DO

Powered by Koha